| 000 | 00933nas a2200301 4500 | ||
|---|---|---|---|
| 001 | BR9805173 | ||
| 003 | BR-BrBNA | ||
| 005 | 20231205101143.0 | ||
| 007 | ta | ||
| 008 | 230509b bl.|||p| |||| 00| 00por d | ||
| 040 |
_aBR-BrBNA _bpor _cBiblioteca Nacional de Agricultura |
||
| 041 | _a(En) | ||
| 072 | _aQ02 | ||
| 100 | 1 | _aStertz, S.C. | |
| 100 | 1 | _aSoccol, C.R. | |
| 100 | 1 | _aRaimbault, M. | |
| 100 | 1 | _aMachado, L. | |
| 100 | 1 | _aChiarello, M. | |
| 245 | 1 | _aProtein enrichment of cassava flour by solid state fermentation; 3: characterization of biotransformation flour and baking assays | |
| 650 | _aMandioca | ||
| 650 | _aFarinha | ||
| 650 | _aIndustria Alimenticia | ||
| 650 | _aProteina Vegetal | ||
| 650 | _aFermentacao | ||
| 773 | 0 |
_tRevista Brasileira de Mandioca (Brazil) _xISSN 0101-563X _g(Jul 1997), v. 16(1) p. 105-113 _wBR9805173 |
|
| 909 |
_a202311 _bLúcia _c55 _dLúcia Elande |
||
| 942 |
_2AGRIS _n0 _cANA |
||
| 999 |
_c160085 _d160085 |
||